MDQL
is popping MORE tags! Check the
thread
!
Quizzes
Events
Quiz Creation
Community
Videos
Private Events
Remove Ads
Sign In
Join for FREE
Feedback
Dark Mode
Quiz Categories
Sports
Geography
Music
Movies
Television
Just For Fun
Miscellaneous
History
Literature
Language
Science
Gaming
Entertainment
Religion
Holiday
For Kids
Quiz Lab
Recent
Popular Today
Quiz Kudos Today
Editor Picks
Curator Picks
Quizzes by...
Day
Popularity
Type
Ratings
Length
Year
Community
Subscriptions
Recent Discussions
Orange Saloon
Badges
Playlists
Quests
Create
Leaderboards
Showdown
Live 5
Trivia Bingo
Activity
Puzzle Library
Sporcle Events
Private Events
Virtual Trivia
Globe League
Become a Host
Pub Owners
SporcleCon
Opinionation
Our Games
Videos
Blog
Mobile Apps
Partnerships
Remove Ads and Go Orange
Feedback
Gaming
Video Games
Board Games
Card Games
Pokémon
Mario
Nintendo
Minecraft
Console
Toys
Legend of Zelda
Gaming
Video Games
Board Games
Card Games
Pokémon
Mario
Nintendo
Minecraft
Console
Toys
Legend of Zelda
Random Quiz
Search Sporcle
×
Quiz Lab
Quiz Lab
Gaming
Nintendo
Type in answers that appear in a list
Type in answers that appear in a list
Classic
Best Score? Go Orange.
Diablo II Runes Stats
Can you name the Diablo II Runes?
By
Kvothe
5m
33 Questions
1,977 Plays
1,977 Plays
1,977 Plays
Comments
Comments
Give Quiz Kudos
Give Quiz Kudos
-
- Ratings
hide this ad
Replay
Link that replays current quiz
Next Quiz
Link to next quiz in quiz playlist
You Got
0%
They Got
Avg Score
86%
Avg Friend Score
Upgrade to see
Score Distribution
Jump to the score distribution portion of the page
Score
0/33
Timer
05:00
0
Plays Today
Level
Rune
% Correct
11
El
97.1%
69
Zod
95.8%
11
Eld
93.5%
17
Tal
93.1%
19
Ral
92.6%
63
Ber
91.5%
13
Tir
89.3%
51
Ist
89.1%
65
Jah
88.8%
15
Eth
88.7%
15
Ith
88.2%
21
Ort
88%
55
Vex
87.8%
49
Mal
87.8%
39
Ko
87.2%
45
Pul
87%
27
Sol
85.9%
Level
Rune
% Correct
23
Thul
85.6%
47
Um
85.5%
67
Cham
85.5%
25
Amn
85.4%
-
Hel
85%
59
Lo
84.9%
35
Io
84.9%
53
Gul
82.2%
31
Dol
80.9%
43
Lem
80.1%
13
Nef
79.5%
57
Ohm
79.2%
41
Fal
79%
37
Lum
78.7%
61
Sur
76.8%
29
Shael
76.5%
Quiz Playlist
Details
Report
Send in Message
Add To Playlist
Classic:
Type in answers that appear in a list
Quiz Source
Last Updated: Feb 16, 2017
Quiz Scoreboard
CHALLENGE
Sign Up to Join the Scoreboard
Show All
Scores
Hide
Comments
May contain spoilers
Recently Published
Holiday 10x10 Sorting Gallery
by lukepisani3
Holiday
15m
Two Season TV Shows II
by 123Four
Television
10m
Image Sorting: Flags VI
by Barbecue
Geography
2m
More to Explore
Quiz From the Vault
Featured Blog Post
14 Easter Pick-up Lines to Find Eggs With
hide this ad
You Might Also Like...
Tags
Nintendo Quiz
Diablo
Diablo 2
Level
rune
Today's Top Quizzes in Gaming
Browse Gaming
hide this ad
Today's Top Quizzes in Nintendo
Browse Nintendo
Top Contributed Quizzes in Gaming
1
League of Legends Pro Players by Career/Team History
2
Destiny 2 exotic weapons by perk icons
3
Genshin Impact Logic Puzzle
4
Genshin Impact Logic Puzzle Quiz
5
Ultimate Genshin Impact Logic Puzzle (up to 4.3)
6
4x4 Decades: Video Games
7
Genshin murder mystery
8
Who's on the WWE 2K24 Cover?
9
Dead By Daylight Logic Puzzle
10
Image Sorting: Video Game Characters II
Explore More
Trending Topics
Anime
Crossword
Marvel
Kpop
Disney
NBA
Harry Potter
Soccer
Puzzle
WWE
Pokémon
NFL
The Office
Country
Song
hide this ad
More By:
Kvothe
Quiz
Plays
Rating
Category
Featured
Created
Diablo II Runes
1,977
5.00
Gaming
Oct 7, 2009
All Google Products
144
2.60
Just For Fun
Oct 15, 2009
Plants vs Zombies Characters
130
4.00
Gaming
Oct 8, 2009
Go to Creator's Profile
Score Distribution
Quiz Creator Spotlight
Kvothe
Follow
Send a Message
Quizzes Created
-
Created Quiz Play Count
-
More By This Creator
Popular Quizzes Today
1
Find the US States - No Outlines Minefield
2
Colored Red Africa Blitz
3
Find the 'City' Movie
4
The Countries of the World
5
Find the US States
6
5x2 Blitz: Bands
7
Find the Countries of Europe - No Outlines Minefield
8
US States
More Gaming Quizzes
Mario Kart Items
Published
Trending Quizzes
Colored Red Europe Blitz I
Colored Red Europe Blitz II
Colored Red Africa Blitz II
Colored Red Europe Blitz III
Colored Red Africa Blitz III
Recently Updated
Odd Team Out - Big 4 Players
pecheneg
Quick Pick: 20 Twenties
pecheneg
March Madness Men's Triple Doubles
pecheneg
How Do You Spell That?
pecheneg
Godzilla Movies
pecheneg
Grab Bag: 4-10 Letters
pecheneg
2024 March Madness Bracket
pecheneg
Famous TV Couples
Peacemaker
Champions League XIs: Real Madrid
pecheneg
Largest US Cities 1790-2010
pecheneg
Trending Topics
Kpop
Harry Potter
Disney
Crossword
Marvel
Anime
NBA
Song
WWE
Puzzle
Country
The Office
NFL
Pokémon
Soccer
Your Account Isn't Verified!
In order to create a playlist on Sporcle, you need to verify the email address you used during registration. Go to your
Sporcle Settings
to finish the process.
Report this User
Report this user for behavior that violates our
Community Guidelines
.
Details:
Send Report
Go to the Sporcle.com Mobile Site →
Comments